The death of Socrates : an interpretation of the Platonic dialogues: Euthyphro, Apology, Crito and Phaedo

Saved in:
Bibliographic Details
Main Author: Guardini, Romano, 1885-1968
Other Authors: Wrighton, Basil, 1900- (Translator)
Format: Book
Language:English
German
Published: New yrok : Sheed & Ward, 1948
Subjects:
Tags: Add Tag
No Tags, Be the first to tag this record!

MARC

LEADER 00000cam a2200000 i 4500
001 1/22567
008 120810s1948 eng d
035 |l 10113081 
040 |a GR-MY-UA  |b gre  |e aacr 
041 0 |a eng  |h ger 
082 0 |a 183.2  |2 (22) 
100 1 |a Guardini, Romano,   |d 1885-1968. 
245 1 4 |a The death of Socrates :  |b an interpretation of the Platonic dialogues: Euthyphro, Apology, Crito and Phaedo /  |c by Romano Guardini ; translated from the German by Basil Wrighton 
260 |a New yrok :   |b Sheed & Ward,   |c 1948 
300 |a xiii, 177 σ.;  |c 21 εκ. 
600 0 0 |a Πλάτων,   |d 428 ή 7-348 ή 7 π.Χ. 
600 0 7 |2 nlgaf  |a Σωκράτης,   |d 469-399. 
700 1 |a Wrighton, Basil,   |d 1900-  |4 trl 
852 |a INST  |b LESVOS  |e 20120810  |h 183.2 GUA  |p 005100052089  |q 005100052089  |t BK  |y 0 
901 |a BIBL1-2012-2 
909 |a Λ  |b 176179 
970 |a ΤΖΑΦΕΡΗ  |b ΕΥΑΓΓΕΛΙΑ  |z 2012/08/10